00423pab a2200145 454500008004000000100002100040245011100061260000900172300001000181362000900191650001800200700001200218700001700230773003000247180718b1984 xxu||||| |||| 00| 0 eng d aMalhotra, Rashmi aAssessment of knowledge and attitudes of high school students regarding family planningbA need of the day c1984 a57-60 aDec. aBirth Control aM. Nath aParveen Kaur aJournal of Family Welfare